000 00873cam a22002651 4500
001 sa 68011680
003 DLC
005 20260227112603.0
008 900208s1968 ii f 000 0 hinr
010 _asa 68011680
025 _aPL480:I-H-5946
035 _a(OCoLC)21020390
040 _aDLC
_cMiEM
_dMiEM
_dDLC
041 0 _ahinengsan
042 _apremarc
050 0 0 _aNA1502
_b.S5
100 1 _aŚukla, Dvijendranātha,
_d1916-
245 1 0 _aBhāratīya Sthāpatya:
_bŚāstrīya evam Kalātmaka Adhyayana.
_cLekhaka Dvijendranātha Śukla.
250 _a[1. Saṅskaraṇa]
260 _aLucknow,
_bHindī Samiti, Sūcanā Vibhāga, Uttara Pradeśa
_c[1968]
300 _a22, 644 p.
_bplates
_c23 cm.
440 0 _aHindi Samiti granthamala,
_v155
500 _aIn Hindi; includes quotations in English and Sanskrit.
650 0 _aArchitecture
_zIndia
_xHistory.
999 _c84056
_d84056